| 000 | 00379nam a2200145Ia 4500 | ||
|---|---|---|---|
| 008 | 231129s2002||||xx |||||||||||||| ||spa|| | ||
| 020 | _a968-24-6609-1 | ||
| 040 | _bspa | ||
| 082 | _a618.9 R175q | ||
| 100 | _aRamos Contreras Pedro | ||
| 245 | 0 | _aQué hago? Va a nacer mi bebé | |
| 260 | _c2002 | ||
| 264 | _aTrillas | ||
| 942 |
_2ddc _cBKS |
||
| 999 |
_c23596 _d23596 |
||